000 00684cam a2200193 a 4500
001 000004843
005 20200929151522.0
008 890126s1996 sa 000 p spa
040 _aDO-SdBNP
_bspa
_cBNPHU
082 _aS861.44
_bE77j
100 1 _aEspino, Alfredo,
_q1900-1928.
_914054
245 1 0 _aJícaras tristes /
_cAlfredo Espino.
260 _aSan Salvador, El Salvador :
_bConsejo Nacional para la Cultura y el Arte,
_c1996.
300 _a148 p. ;
_c22 cm.
490 1 _aBiblioteca Básica de Literatura Salvadoreña
_v6
650 4 _aPoesía salvadoreña
_912306
650 4 _aLiteratura salvadoreña
_92929
830 0 _aBiblioteca Básica de Literatura Salvadoreña
_n6
_914055
999 _c4649
_d4649